US States by Bodies of Water Quiz Stats

Quiz Updated Jun 20, 2018

Challenge
Share
Tweet
Embed
Score 0/50 Timer 07:00
3 Plays Today
Body of Water US State % Correct
Arctic OceanAlaska
98.2%
San Francisco BayCalifornia
93.4%
Great Salt LakeUtah
90.3%
Puget SoundWashington
86.9%
Yellowstone LakeWyoming
80.8%
Pearl HarborHawaii
80.5%
Charleston HarborSouth Carolina
73.7%
Galveston BayTexas
73.4%
Crater LakeOregon
73.2%
Mobile BayAlabama
69.6%
Lake HuronMichigan
65.4%
Providence RiverRhode Island
65.1%
Lake OntarioNew York
63.2%
Nantucket SoundMassachusetts
53.4%
Appomattox RiverVirginia
49.5%
Lake OkeechobeeFlorida
49%
Lake of the OzarksMissouri
41.1%
Lake PontchartrainLouisiana
40.9%
Lake Pend OreilleIdaho
40.4%
Lehigh RiverPennsylvania
36.3%
Blue Mesa ReservoirColorado
35.9%
Flathead LakeMontana
35.1%
Lake of the WoodsMinnesota
34.1%
Theodore Roosevelt LakeArizona
33.4%
Elephant Butte LakeNew Mexico
32.5%
Body of Water US State % Correct
Humboldt RiverNevada
31.7%
Rehoboth BayDelaware
30%
Cuyahoga RiverOhio
29.9%
Lake WinnebagoWisconsin
29.2%
Lake CumberlandKentucky
24.2%
Lake MemphremagogVermont
23.8%
Lake WinnipesaukeeNew Hampshire
21.2%
Broken Bow LakeOklahoma
18.6%
Pamlico SoundNorth Carolina
17.4%
Old Hickory LakeTennessee
17%
Great Egg Harbor RiverNew Jersey
15.5%
Casco BayMaine
15.2%
Buffalo National RiverArkansas
14.4%
Lake LanierGeorgia
14%
Rathbun LakeIowa
12.5%
Candlewood LakeConnecticut
11.9%
Patapsco RiverMaryland
10.9%
Carlyle LakeIllinois
10.7%
Perry LakeKansas
10.6%
Lake SakakaweaNorth Dakota
10.3%
Lake McConaughyNebraska
9.1%
Lake Monroe Indiana
6.3%
Ross Barnett ReservoirMississippi
5.8%
Lake SharpeSouth Dakota
5.8%
Summersville LakeWest Virginia
5.3%

You're not logged in!

Compare scores with friends on all Sporcle quizzes.
Join for Free
OR
Log In

You Might Also Like...

Show Comments

Extras

Top Quizzes Today


Score Distribution

Your Account Isn't Verified!

In order to create a playlist on Sporcle, you need to verify the email address you used during registration. Go to your Sporcle Settings to finish the process.

Report this User

Report this user for behavior that violates our Community Guidelines.

Details: